000 00812cac a22002291u 4500
008 081222s2001nyu||||| |||| 001 0 eng d
010 _a 2006043493
020 _a0273764632X
082 0 0 _a657
_bATR
_222
100 _aAtrill, Peter.
_910013
245 1 0 _aAccounting and Finance For Non-Specialists /
_cPeter Atrill and Eddie McLaney
250 _a3rd. ed.
260 _aNew York :
_bPearson Education,
_c2001
300 _axx, 418 p.:
_bill.;
_c24 cm.
500 _aDonation
504 _aIncludes index.
650 0 _aAccounting.
_910014
650 0 _aFinancial statements.
_910015
700 1 _aMcLaney, Eddie
_910016
942 _cBB
_2ddc
999 _c13055
_d13055